[Event "IND-chT 31st"]
[Site "Cochin"]
[Date "2011.02.22"]
[Round "1"]
[White "Muthu, Hareeswaran"]
[Black "Sharma, Dinesh Kumar"]
[Result "0-1"]
[WhiteElo "1429"]
[BlackElo "2365"]
[PlyCount "70"]
[EventDate "2011.02.22"]
[EventType "team-swiss"]
[EventRounds "9"]
[EventCountry "IND"]
[SourceTitle "CBM 141 Extra"]
[Source "ChessBase"]
[SourceDate "2011.05.03"]
[SourceVersion "1"]
[SourceVersionDate "2011.05.03"]
[SourceQuality "1"]
[WhiteTeam "Vembar Erode"]
[BlackTeam "LIC of India"]
[WhiteTeamCountry "IND"]
[BlackTeamCountry "IND"]

1. d4 d5 2. Nf3 c6 3. Bf4 Nf6 4. e3 g6 5. c4 Bg7 6. Nc3 0-0 7. cxd5 Nxd5 8. Nxd5 Qxd5 9. Be2 c5 10. 0-0 cxd4 11. exd4 Nc6 12. Be3 Rd8 13. Qa4 Bd7 14. Qc4 Be6 15. Qxd5 Bxd5 16. Rfd1 Bxf3 17. Bxf3 Nxd4 18. Bxd4 Bxd4 19. Rd2 Rab8 20. Rad1 e5 21. g3 Rd7 22. Rc2 Rbd8 23. Rdd2 f5 24. Kg2 Kf7 25. b3 Bb6 26. Rxd7+ Rxd7 27. Kf1 e4 28. Be2 g5 29. Ke1 Kf6 30. Bb5 Rd8 31. Ke2 f4 32. a4 f3+ 33. Ke1 Ba5+ 34. Rd2 Rxd2 35. Bc4 Rd4+ 0-1